000 00489nam a2200193Ia 4500
005 20230711113345.0
008 131103s9999 xx 000 0 und d
020 _cRs.22.50
040 _aLoreto College
041 _aEnglish
082 _a947.31
_bANT
100 _aAnti - Taylor,William
245 _aMoscow Diary
_cWilliam Anti - Taylor
260 _aLondon
_bRobert Hale
_c1967
300 _a192 p.
_b ill.
650 _aRussia (Moscow) - History
850 _aLCLIB
942 _cBK
999 _c8099
_d58578